书目信息 |
| 题名: |
春
|
|
| 作者: | 陶本一 主编 | |
| 分册: | ||
| 出版信息: | 北京 语文出版社 1997 |
|
| 页数: | 514页 | |
| 开本: | 20cm | |
| 丛书名: | 走过四季 | |
| 单 册: | ||
| 中图分类: | I16 | |
| 科图分类: | 42.86 | |
| 主题词: | 散文--世界--选集 | |
| 电子资源: | ||
| ISBN: | 7-80126-136-4 | |
| 000 | 01007nam0 2200361 450 | |
| 000 | 00972nam0 2200349 450 | |
| 000 | 00935nam0 2200337 450 | |
| 000 | 00870nam0 2200325 450 | |
| 000 | 00833nam0 2200313 450 | |
| 000 | 00804nam0 2200313 450 | |
| 000 | 00750nam0 2200289 450 | |
| 000 | 00712nam0 2200277 450 | |
| 000 | 00626nam2 2200241 45 | |
| 001 | 0198010722 | |
| 005 | 20061023153944.36 | |
| 010 | @a7-80126-136-4@dCNY24.00 | |
| 100 | @a19980224d1997 em y0chiy0121 ea | |
| 101 | 1 | @achi@cmul |
| 102 | @aCN@b110000 | |
| 105 | @af z 000cy | |
| 200 | 10 | @a春@Achun@f陶本一主编@Ftao ben yi zhu bian |
| 210 | @a北京@c语文出版社@d1997 | |
| 215 | @a514页@c彩图@d20cm | |
| 225 | 2 | @a走过四季 |
| 410 | 0 | @120010@a走过四季 |
| 606 | @a散文@y世界@x选集 | |
| 690 | @aI16@v3 | |
| 692 | @a42.86@v2 | |
| 701 | 0 | @a陶本一@Atao ben yi@4主编 |
| 801 | 0 | @aCN@bNLC@c20061023 |
| 905 | @aBZT@dI16@e35 | |
| 906 | @d¥19.80@n0@r1 | |
| 春/陶本一主编.-北京:语文出版社,1997 |
| 514页:彩图;20cm.-(走过四季) |
| ISBN 7-80126-136-4:CNY24.00 |
| ● |
| 相关链接 |
|
|
|
正题名:春
索取号:I16/35
 
预约/预借
| 序号 | 登录号 | 条形码 | 馆藏地/架位号 | 状态 | 备注 |
| 1 | 507911 | 230070424 | 中心书库中库/打包BH1004/ [索取号:I16/35] | 在馆 | |
| 2 | 507912 | 230070423 | 中心书库中库/打包BH1004/ [索取号:I16/35] | 在馆 | |
| 3 | 507913 | 230070422 | 中心书库中库/打包BH1004/ [索取号:I16/35] | 在馆 | |
| 4 | 507914 | 230070420 | 中心书库中库/打包BH0995/ [索取号:I16/35] | 在馆 | |
| 5 | 507915 | 230070421 | 中心书库中库/打包BH1004/ [索取号:I16/35] | 在馆 |